书目信息 |
| 题名: |
哲学人类学
|
|
| 作者: | 兰德曼, 著 ;阎嘉 译 | |
| 分册: | ||
| 出版信息: | 贵阳 贵州人民出版社 2006.06 |
|
| 页数: | 11, 232页 | |
| 开本: | 21cm | |
| 丛书名: | "现代社会与人"名著译丛 | |
| 单 册: | ||
| 中图分类: | B089.3 | |
| 科图分类: | ||
| 主题词: | 哲学人类学--zhe xue ren lei xue | |
| 电子资源: | ||
| ISBN: | 7-221-07259-0 | |
| 000 | 01172nam 2200289 450 | |
| 001 | 012006284317 | |
| 005 | 20061130110808.23 | |
| 010 | @a7-221-07259-0@dCNY19.00 | |
| 100 | @a20061027d2006 km y0chiy0120 ea | |
| 101 | 1 | @achi@cger |
| 102 | @aCN@b520000 | |
| 105 | @ay z 000yy | |
| 200 | 1 | @a哲学人类学@Azhe xue ren lei xue@d= Menschliche anthropologie@f(德) M.兰德曼 (Michael Landmann) 著@F(de)M.lan de man(Michael Landmann)zhu@g阎嘉译@Gyan jia yi@zeng |
| 205 | @a第2版 | |
| 210 | @a贵阳@c贵州人民出版社@d2006.06 | |
| 215 | @a11, 232页@d21cm | |
| 225 | 2 | @a"现代社会与人"名著译丛@A"xian dai she hui yu ren"ming zhu yi cong |
| 305 | @a由Walter de Gruyter GmbH & Co.KG授权出版 | |
| 330 | @a本书追溯了人类学的源流、哲学人类学的缘起,探讨了哲学人类学的方法、意义,分别介绍了哲学人类学的主要流派,较全面、系统地提出了作者的文化哲学人类学的观点。 | |
| 410 | 0 | @12001 @a"现代社会与人"名著译丛 |
| 510 | 1 | @aMenschliche anthropologie@zeng |
| 606 | 0 | @a哲学人类学@Azhe xue ren lei xue |
| 690 | @aB089.3@v4 | |
| 701 | 1 | @a兰德曼,@Alan de man,@bM.@g(Landmann, Michael)@4著 |
| 702 | 0 | @a阎嘉@Ayan jia@4译 |
| 801 | 0 | @aCN@c20061130 |
| 905 | @apdsgxy@dB089.3@eL036 | |
| 哲学人类学= Menschliche anthropologie/(德) M.兰德曼 (Michael Landmann) 著/阎嘉译.-第2版.-贵阳:贵州人民出版社,2006.06 |
| 11, 232页;21cm.-("现代社会与人"名著译丛) |
| ISBN 7-221-07259-0:CNY19.00 |
| 本书追溯了人类学的源流、哲学人类学的缘起,探讨了哲学人类学的方法、意义,分别介绍了哲学人类学的主要流派,较全面、系统地提出了作者的文化哲学人类学的观点。 |
| ● |
| 相关链接 |
|
|
|
正题名:哲学人类学
索取号:B089.3/L036
 
预约/预借
| 序号 | 登录号 | 条形码 | 馆藏地/架位号 | 状态 | 备注 |
| 1 | 223877 | 202238774 | 社科库509/509社科库 8排1列4层/ [索取号:B089.3/L036] | 在馆 | |
| 2 | 223878 | 202238783 | 社科库509/509社科库 8排1列4层/ [索取号:B089.3/L036] | 在馆 | |
| 3 | 223879 | 202238792 | 社科库509/509社科库 8排1列4层/ [索取号:B089.3/L036] | 在馆 |